Le vocabulaire du jeu d'échecs - Statistiques

Statistiques générales
  • Ce quiz a été pris 143 fois
  • Le résultat moyen est 19 sur 30
Statistiques - réponses
Indice Réponse % Correct
Pièce qui se déplace en diagonale fou
94%
Seule pièce pouvant passer par dessus les autres cavalier
92%
Le roi est ___ lorsqu'il subit un échec imparable mat
92%
La pièce la plus précieuse. roi
91%
Pièce qui se déplace horizontalement ou verticalement tour
91%
Pièce la plus faible du jeu Pion
90%
Pièce la plus forte du jeu dame
89%
Un joueur est ___ lorsqu'il n'est pas en échec, mais ne peut pourtant jouer aucun coup légal Pat
86%
Première phase d'une partie, durant laquelle les joueurs ouvrent leur jeu et développe leurs premières pièces ouverture
85%
Coup durant lequel on déplace simultanément la tour et le roi. Peut être petit ou grand selon la tour choisie. roque
85%
Partie jouée en cadence rapide (environ 3-5 minutes par joueur) Blitz
83%
Lorsqu'une pièce attaque deux pièces ennemies simultanément. Peut être "royale" fourchette
79%
Plateau sur lequel on joue aux échecs échiquier
78%
Sacrifice d'un pion durant l'ouverture du jeu, pour une meilleure position ou pour obtenir l'initiative Gambit
72%
Nom d'un physicien et du système de classement des joueurs d'échecs qu'il a inventé Elo
71%
Lorsqu'un pion atteint le bout de l'échiquier et peut être changé en une autre pièce plus forte Promotion
69%
Dernière phase de la partie, avec peu de pièces restantes et les rois rentrant en action finale
66%
Forcer une pièce ennemie à rester à sa place sous peine de mettre à découvert une pièce plus forte Clouer
62%
Se dit d'un pion pouvant avancer vers le bout de l'échiquier sans être menacé par un autre pion ennemi passé
60%
"Les blancs ont le _____" ou "____aux blancs" signifie que c'est aux blancs de jouer trait
58%
Terme italien. Développement du fou en b2/g2 pour les blancs ou b7/g7 pour les noir. Le fou contrôle alors la grande diagonale Fianchetto
54%
Ajuster la position de sa pièce sans la jouer Adouber
49%
Terme allemand signifiant "coup forcé". Lorsque le joueur ne peut jouer autre chose qu'un mauvais coup Zugzwang
44%
Adjectif signifiant "relatif aux échecs" échiquéen
42%
Nom donnée à une partie faite pour départager une égalité, aussi appelée "mort subite" Armageddon
39%
Différence de valeur intrinsèque entre deux pièces, indépendamment de la partie jouée (entre une tour et un fou par exemple) qualité
30%
Se dit d'un pion laissé sans défense, mais dont la prise est en fait un piège empoisonné
25%
Un joueur est en _______ lorsqu'il n'a presque plus de temps pour jouer Zeitnot
21%
Ensemble de pions liés entre eux, formant une chaîne horizontale et/ou diagonale îlot
12%
Nom de la déesse des échecs selon Sir William Jones Caïssa
10%
Aucun quiz correspondant
Distribution des résultats
% des personnes avec chaque résultat
Percentile par nombre de réponses
Votre historique - résultats
Vous n’avez pas pris ce quiz